| 000 | 01102nam a22003137a 4500 | ||
|---|---|---|---|
| 003 | 0 | ||
| 005 | 20251117124218.0 | ||
| 008 | 251117b xxu||||| |||| 00| 0 eng d | ||
| 020 | _a1-59307-054-3 | ||
| 050 |
_aPN 6790.J63 _bR54 1998 |
||
| 100 |
_aSuzuki, Koji, _eauthor. |
||
| 245 |
_aThe Ring.1 / _cv |
||
| 246 | _aRing one | ||
| 250 | _aFirst edition. | ||
| 260 |
_aMilwaukie, OR : _bDark Horse Manga, _c1998. |
||
| 300 |
_a154 pages : _billustrations ; _c19 cm. |
||
| 490 | _aDark Horse manga series | ||
| 500 | _aBased on the Japanese horror novel "Ringu" by Koji Suzuki. Reads from left to right | ||
| 520 | _aA graphic adaptation of Koji Suzuki’s iconic horror story about a cursed videotape that brings death to viewers seven days after watching it. | ||
| 546 | _aTranslated from the Japanese. | ||
| 650 | _aHorror comics. | ||
| 650 | _aGraphic novels. | ||
| 650 | _aManga. | ||
| 700 |
_aTakahashi, Hiroshi, _ewriter of script. |
||
| 700 |
_aInagaki, Misao, _eartist. |
||
| 700 |
_aKokubo, Naomi, _etranslator. |
||
| 700 |
_aSchubert, Willie, _eletterer. |
||
| 942 |
_2lcc _cBK |
||
| 999 |
_c368659 _d368659 |
||